000 00723nam a2200193 i 4500
001 46037
003 ES-MaACL
005 20230906161323.0
007 t|
008 030327s1858 sp ||||1| spa d
080 _a336.77:061.5(460.27 M.).055.5
110 2 _aCompañia General de Crédito en España.
_93120
245 1 0 _aMemoria leída por el Consejo de Administración de la Compañía General de Crédito en España en la Junta General de accionistas celebrada el 31 de mayo de 1858.
260 _aMadrid :
_b[s.n.],
_c1858 (
_fManuel Galiano)
300 _a32 p. ;
_c19 cm.
610 2 4 _aCompañía General de Crédito en España-
_vMemorias.
_9143765
852 4 _aES-MaACL
_jT-2-F-2
852 4 _aES-MaACL
_jT-83-F-6
999 _c46037
_d46037